[Event "Deutsche Ländermeisterschaft 2003"]
[Site "Kassel GER"]
[Date "2003.10.20"]
[Round "3"]
[White "Ortmann, David"]
[Black "de Wiljes, Jan-Hendrik"]
[Result "1/2-1/2"]
[Termination "normal"]
[Board "1.1"]
[WhiteElo "2280"]
[BlackElo "2254"]
[WhiteTeam "Württemberg"]
[BlackTeam "Niedersachsen"]
[PlyCount "76"]
[WhiteFideId "4651588"]
[EventCountry "GER"]
[EventRounds "7"]
[EventType "team-swiss"]
[EventDate "2003.10.18"]

1. Nf3 c5 2. c4 Nc6 3. d4 cxd4 4. Nxd4 g6 5. e4 Bg7 6. Be3 Nf6 7. Nc3 d6 8. Be2
O-O 9. O-O Bd7 10. Qd2 Nxd4 11. Bxd4 Bc6 12. f3 Nd7 13. Be3 a5 14. b3 Nc5 15.
Rab1 Qb6 16. Rfc1 Rfc8 17. Rc2 h5 18. a3 Qd8 19. Bf1 Kh7 20. b4 axb4 21. axb4
Ne6 22. Nd5 Ra3 23. Bb6 Qe8 24. Qc1 Rca8 25. Ba5 R8xa5 26. bxa5 Rxa5 27. Qd2
Ra3 28. Ra2 Rxa2 29. Qxa2 Bd4+ 30. Kh1 h4 31. Qd2 g5 32. g3 hxg3 33. hxg3 Be5
34. Bh3 Bxg3 35. Bxe6 fxe6 36. Qxg5 exd5 37. Qxg3 Qh5+ 38. Kg1 dxe4 1/2-1/2

[Event "Deutsche Ländermeisterschaft 2003"]
[Site "Kassel GER"]
[Date "2003.10.20"]
[Round "3"]
[White "Lubbe, Nikolas"]
[Black "Stuhl, Alexander"]
[Result "1-0"]
[Termination "normal"]
[Board "1.2"]
[WhiteElo "2103"]
[BlackElo "2029"]
[WhiteTeam "Niedersachsen"]
[BlackTeam "Württemberg"]
[PlyCount "51"]
[WhiteFideId "4694031"]
[BlackFideId "24601373"]
[EventCountry "GER"]
[EventRounds "7"]
[EventType "team-swiss"]
[EventDate "2003.10.18"]

1. d4 e6 2. Nf3 Nf6 3. c3 d5 4. Bf4 Be7 5. h3 c5 6. e3 Nc6 7. Nbd2 O-O 8. Bd3
c4 9. Bc2 b5 10. a3 a5 11. e4 Ra6 12. O-O Re8 13. Bg5 Qc7 14. Bxf6 Bxf6 15. e5
Be7 16. Nh2 f5 17. exf6 Bxf6 18. Ng4 Qf7 19. Qb1 Qh5 20. f4 b4 21. Qd1 Kh8 22.
axb4 axb4 23. Rxa6 Bxa6 24. Nf3 Ne7 25. Nfe5 Nf5 26. Nxf6 1-0

[Event "Deutsche Ländermeisterschaft 2003"]
[Site "Kassel GER"]
[Date "2003.10.20"]
[Round "3"]
[White "Behm, Simon"]
[Black "Wiegmann, Sascha"]
[Result "1-0"]
[Termination "normal"]
[Board "1.3"]
[WhiteElo "2045"]
[BlackElo "2156"]
[WhiteTeam "Württemberg"]
[BlackTeam "Niedersachsen"]
[PlyCount "59"]
[WhiteFideId "4691962"]
[BlackFideId "4682041"]
[EventCountry "GER"]
[EventRounds "7"]
[EventType "team-swiss"]
[EventDate "2003.10.18"]

1. d4 Nf6 2. c4 g6 3. Nc3 Bg7 4. e4 d6 5. Nf3 O-O 6. Be2 e5 7. O-O Nc6 8. d5
Ne7 9. b4 Nd7 10. Nd2 f5 11. c5 Nf6 12. f3 f4 13. Ba3 Rf7 14. Nc4 Ne8 15. b5 b6
16. cxd6 cxd6 17. Bb4 g5 18. a4 Ng6 19. a5 Rb8 20. axb6 axb6 21. Na4 h5 22.
Naxb6 g4 23. Nxc8 Rxc8 24. Ra6 Bf8 25. Na5 g3 26. h3 Qh4 27. Nc6 Nf6 28. b6 Nh7
29. Re1 Ne7 30. b7 1-0

[Event "Deutsche Ländermeisterschaft 2003"]
[Site "Kassel GER"]
[Date "2003.10.20"]
[Round "3"]
[White "Bäumler, Ilja"]
[Black "Häcker, Sonja"]
[Result "1-0"]
[Termination "normal"]
[Board "1.4"]
[WhiteElo "2153"]
[BlackElo "2028"]
[WhiteTeam "Niedersachsen"]
[BlackTeam "Württemberg"]
[PlyCount "57"]
[WhiteFideId "4681070"]
[BlackFideId "4680928"]
[EventCountry "GER"]
[EventRounds "7"]
[EventType "team-swiss"]
[EventDate "2003.10.18"]

1. e4 c5 2. c3 Nf6 3. e5 Nd5 4. d4 cxd4 5. Nf3 d6 6. cxd4 e6 7. Bc4 Nb6 8. Bd3
Bd7 9. O-O Bc6 10. Nc3 N8d7 11. Qe2 a6 12. Re1 Be7 13. Bf4 Qc7 14. Rac1 O-O 15.
Bb1 Rfe8 16. Qc2 Nf8 17. Ne4 Nc8 18. Neg5 h6 19. Nh7 Ng6 20. d5 Nxf4 21. Nf6+
Bxf6 22. Qh7+ Kf8 23. exf6 gxf6 24. Qxh6+ Ke7 25. Qxf4 Qb6 26. dxc6 bxc6 27.
Nd4 c5 28. Nf5+ Kd7 29. Ng7 1-0

[Event "Deutsche Ländermeisterschaft 2003"]
[Site "Kassel GER"]
[Date "2003.10.20"]
[Round "3"]
[White "Plenca, Julijan"]
[Black "Romakin, Helene"]
[Result "0-1"]
[Termination "normal"]
[Board "1.5"]
[WhiteElo "2059"]
[BlackElo "2081"]
[WhiteTeam "Württemberg"]
[BlackTeam "Niedersachsen"]
[PlyCount "80"]
[WhiteFideId "14508044"]
[BlackFideId "24605964"]
[EventCountry "GER"]
[EventRounds "7"]
[EventType "team-swiss"]
[EventDate "2003.10.18"]

1. e4 c5 2. Nf3 d6 3. d4 cxd4 4. Nxd4 Nf6 5. Nc3 g6 6. Be3 Bg7 7. f3 Nc6 8. Qd2
O-O 9. O-O-O Nxd4 10. Bxd4 Be6 11. Kb1 Qc7 12. g4 Rfc8 13. h4 Qa5 14. Qg5 Qxg5
15. hxg5 Nd7 16. Bxg7 Kxg7 17. Be2 Rc5 18. f4 f6 19. gxf6+ Nxf6 20. f5 Bf7 21.
g5 Ne8 22. Rhf1 Re5 23. Bb5 a6 24. f6+ Kg8 25. Bxe8 Rxe8 26. Nd5 Bxd5 27. Rxd5
exf6 28. gxf6 Kf8 29. Rxd6 Rxe4 30. Kc1 Re1+ 31. Rxe1 Rxe1+ 32. Kd2 Re5 33. Rd7
h5 34. Rxb7 Re6 35. f7 h4 36. c4 g5 37. b4 h3 38. b5 axb5 39. cxb5 Rh6 40. Rb8+
Kxf7 0-1

[Event "Deutsche Ländermeisterschaft 2003"]
[Site "Kassel GER"]
[Date "2003.10.20"]
[Round "3"]
[White "Seeger, Franziska"]
[Black "Zikeli, Saskia"]
[Result "1-0"]
[Termination "normal"]
[Board "1.6"]
[WhiteElo "2064"]
[BlackElo "1867"]
[WhiteTeam "Niedersachsen"]
[BlackTeam "Württemberg"]
[PlyCount "87"]
[WhiteFideId "4690982"]
[BlackFideId "24601543"]
[EventCountry "GER"]
[EventRounds "7"]
[EventType "team-swiss"]
[EventDate "2003.10.18"]

1. e4 c5 2. b3 Nc6 3. Bb2 d6 4. f4 e5 5. Ne2 Bg4 6. fxe5 dxe5 7. Nbc3 Nf6 8. h3
Be6 9. Ng3 Qd7 10. Bd3 Be7 11. Nf5 Bxf5 12. exf5 Nd5 13. O-O Nf4 14. Be4 Nd4
15. Qg4 O-O-O 16. a4 h5 17. Qxg7 f6 18. Qf7 Rdf8 19. Qc4 Nxf5 20. Nd5 Ng3 21.
Nxe7+ Qxe7 22. Ba3 Nfe2+ 23. Kh2 b6 24. Bf5+ Nxf5 25. Rxf5 Nf4 26. d4 Qd7 27.
Rxf4 exf4 28. dxc5 bxc5 29. Bxc5 Rfg8 30. Bd6+ Kd8 31. Rd1 Ke8 32. Re1+ Kd8 33.
Qd5 Qc8 34. Bxf4+ Qd7 35. Bd6 Qc8 36. Bf4+ Qd7 37. Bd6 Qc8 38. Be7+ Kc7 39.
Bd6+ Kd8 40. Be7+ Kc7 41. Qc5+ Kb7 42. Qb5+ Kc7 43. Re4 Qb7 44. Bd6+ 1-0

[Event "Deutsche Ländermeisterschaft 2003"]
[Site "Kassel GER"]
[Date "2003.10.20"]
[Round "3"]
[White "Sörös, Martin-Wolfgang"]
[Black "Bradler, Stephan"]
[Result "0-1"]
[Termination "normal"]
[Board "1.7"]
[WhiteElo "1656"]
[BlackElo "1559"]
[WhiteTeam "Württemberg"]
[BlackTeam "Niedersachsen"]
[PlyCount "66"]
[BlackFideId "24629367"]
[EventCountry "GER"]
[EventRounds "7"]
[EventType "team-swiss"]
[EventDate "2003.10.18"]

1. f4 d5 2. Nf3 Nc6 3. e3 g6 4. Bb5 Bd7 5. d4 Bg7 6. b3 e6 7. Bb2 Nge7 8. O-O
O-O 9. Qe1 a6 10. Bd3 Nc8 11. Kh1 Nd6 12. Nbd2 Nb4 13. Rg1 Nxd3 14. cxd3 c6 15.
Ba3 Qc7 16. g4 h6 17. Qg3 Rfd8 18. Ne5 Be8 19. Bxd6 Qxd6 20. h4 Qb4 21. Rad1
Qa3 22. f5 Qxa2 23. fxe6 fxe6 24. h5 g5 25. Ng6 Bxg6 26. hxg6 Rf8 27. Qc7 Rab8
28. Qd6 Rbe8 29. Rg2 Qc2 30. Rf1 Rxf1+ 31. Nxf1 Qxd3 32. Ng3 Qxg6 33. Nh5 Qf7
0-1

[Event "Deutsche Ländermeisterschaft 2003"]
[Site "Kassel GER"]
[Date "2003.10.20"]
[Round "3"]
[White "Kickert, Germaine Helene"]
[Black "Zikeli, Julia"]
[Result "0-1"]
[Termination "normal"]
[Board "1.8"]
[WhiteElo "1315"]
[BlackElo "1466"]
[WhiteTeam "Niedersachsen"]
[BlackTeam "Württemberg"]
[PlyCount "140"]
[WhiteFideId "24614890"]
[BlackFideId "24622753"]
[EventCountry "GER"]
[EventRounds "7"]
[EventType "team-swiss"]
[EventDate "2003.10.18"]

1. e4 e6 2. d4 d5 3. Nc3 Bb4 4. exd5 exd5 5. Bd3 Nf6 6. Qe2+ Qe7 7. Qxe7+ Bxe7
8. Bf4 c6 9. Nf3 O-O 10. O-O h6 11. Rfe1 Be6 12. h3 Re8 13. Re2 Nbd7 14. Rae1
Nf8 15. a3 Rad8 16. Ne5 Bd6 17. Bh2 Bb8 18. Kh1 Re7 19. Ng4 Nxg4 20. Bxb8 Nxf2+
21. Rxf2 Rxb8 22. Rfe2 Rbe8 23. Bf5 Nd7 24. Kg1 Kf8 25. Bd3 Nf6 26. Rf1 Bd7 27.
Rxe7 Rxe7 28. Kf2 Ne4+ 29. Bxe4 dxe4 30. Ke3 f5 31. g4 g6 32. Ne2 Kg7 33. gxf5
gxf5 34. Ng3 Kf6 35. Nh5+ Kg5 36. Nf4 Kf6 37. Rg1 Be8 38. Rg8 Kf7 39. Rg6 h5
40. c3 a6 41. h4 b5 42. Rg5 Kf6 43. Nxh5+ Bxh5 44. Rxh5 Rg7 45. Rh8 Rg3+ 46.
Kf2 Rf3+ 47. Ke2 Kg7 48. Rc8 Rh3 49. Rxc6 Rxh4 50. Rxa6 f4 51. Re6 Rh2+ 52. Ke1
e3 53. Re4 Rf2 54. b3 Kf6 55. Re5 Rc2 56. Rxb5 Rxc3 57. a4 f3 58. Rc5 Rxb3 59.
Rc1 Kf5 60. Kd1 Rb2 61. Rc8 e2+ 62. Ke1 Rb1+ 63. Kf2 e1=Q+ 64. Kxf3 Rb3+ 65.
Kg2 Qg3+ 66. Kf1 Rb2 67. Rf8+ Ke4 68. Re8+ Kd3 69. Re3+ Qxe3 70. a5 Qf2# 0-1

[Event "Deutsche Ländermeisterschaft 2003"]
[Site "Kassel GER"]
[Date "2003.10.20"]
[Round "3"]
[White "Boguslavskyy, Oleg"]
[Black "Korotkevych, Stanislav"]
[Result "1/2-1/2"]
[Termination "normal"]
[Board "2.1"]
[WhiteElo "2340"]
[BlackElo "2320"]
[WhiteTeam "Baden"]
[BlackTeam "Nordrhein-Westfalen"]
[PlyCount "54"]
[WhiteFideId "14113929"]
[BlackFideId "14107309"]
[EventCountry "GER"]
[EventRounds "7"]
[EventType "team-swiss"]
[EventDate "2003.10.18"]

1. e4 c5 2. Nf3 Nc6 3. d4 cxd4 4. Nxd4 Nf6 5. Nc3 d6 6. Be2 e5 7. Nf3 h6 8. O-O
Be7 9. Re1 O-O 10. h3 Be6 11. Bf1 Qa5 12. Bd2 Qd8 13. Bc1 Qa5 14. Bd2 Qd8 15.
Bc1 Qd7 16. Nd5 Bd8 17. c4 Bxd5 18. exd5 Ne7 19. a3 Bb6 20. b4 Rfe8 21. Bb2 Ng6
22. Rc1 Rac8 23. Qd2 Qf5 24. Qc2 Qxc2 25. Rxc2 e4 26. Nd4 Ne5 27. Nf5 Nd3
1/2-1/2

[Event "Deutsche Ländermeisterschaft 2003"]
[Site "Kassel GER"]
[Date "2003.10.20"]
[Round "3"]
[White "Fiebig, Thomas"]
[Black "Strohhäker, Raoul"]
[Result "1-0"]
[Termination "normal"]
[Board "2.2"]
[WhiteElo "2262"]
[BlackElo "2106"]
[WhiteTeam "Nordrhein-Westfalen"]
[BlackTeam "Baden"]
[PlyCount "59"]
[WhiteFideId "4693922"]
[BlackFideId "4687400"]
[EventCountry "GER"]
[EventRounds "7"]
[EventType "team-swiss"]
[EventDate "2003.10.18"]

1. e4 c5 2. c3 d5 3. exd5 Qxd5 4. d4 Nc6 5. Nf3 Bg4 6. dxc5 Qxd1+ 7. Kxd1 e5 8.
b4 Nf6 9. Kc2 a5 10. Bb5 Bxf3 11. gxf3 axb4 12. Bxc6+ bxc6 13. cxb4 Nd5 14. Bd2
Be7 15. a3 f5 16. Nc3 Nc7 17. Rhe1 O-O 18. Rxe5 Bf6 19. Re3 Nb5 20. Ra2 Nxa3+
21. Kb3 Bxc3 22. Bxc3 Nb5 23. Rd3 Kf7 24. Ra5 Rad8 25. Rxd8 Rxd8 26. Kc4 Rb8
27. Ra6 Rc8 28. Rxc6 Na3+ 29. Kd5 Rd8+ 30. Rd6 1-0

[Event "Deutsche Ländermeisterschaft 2003"]
[Site "Kassel GER"]
[Date "2003.10.20"]
[Round "3"]
[White "Hauser, Carlos"]
[Black "Rehberg, Raphael"]
[Result "1/2-1/2"]
[Termination "normal"]
[Board "2.3"]
[WhiteElo "1903"]
[BlackElo "2042"]
[WhiteTeam "Baden"]
[BlackTeam "Nordrhein-Westfalen"]
[PlyCount "90"]
[WhiteFideId "24608238"]
[BlackFideId "4686799"]
[EventCountry "GER"]
[EventRounds "7"]
[EventType "team-swiss"]
[EventDate "2003.10.18"]

1. d4 d5 2. c4 c6 3. Nc3 e6 4. Nf3 Nf6 5. cxd5 exd5 6. Bg5 Be7 7. Qc2 Bg4 8.
Ne5 Bh5 9. e3 Ne4 10. Bxe7 Qxe7 11. Bd3 Nxc3 12. bxc3 f6 13. Nf3 Bxf3 14. gxf3
g6 15. O-O Nd7 16. c4 O-O 17. Kh1 Kh8 18. Rg1 dxc4 19. Bxc4 c5 20. Rad1 Rac8
21. Qb2 b6 22. Rg4 cxd4 23. Rgxd4 Ne5 24. Bd5 Rfd8 25. f4 Nc6 26. Bxc6 Rxd4 27.
Qxd4 Rxc6 28. Qd8+ Qxd8 29. Rxd8+ Kg7 30. Rd7+ Kh6 31. Rxa7 Rc2 32. Kg2 Rb2 33.
Kg3 f5 34. f3 Re2 35. Rb7 Rxa2 36. Rxb6 Re2 37. Re6 Kg7 38. e4 Kf7 39. Re5 Kf6
40. exf5 Rxe5 41. fxe5+ Kxf5 42. Kh4 h6 43. f4 g5+ 44. fxg5 hxg5+ 45. Kh5 g4
1/2-1/2

[Event "Deutsche Ländermeisterschaft 2003"]
[Site "Kassel GER"]
[Date "2003.10.20"]
[Round "3"]
[White "Zhang, Fan"]
[Black "Becker, Erik"]
[Result "0-1"]
[Termination "normal"]
[Board "2.4"]
[WhiteElo "1752"]
[BlackElo "2010"]
[WhiteTeam "Nordrhein-Westfalen"]
[BlackTeam "Baden"]
[PlyCount "134"]
[WhiteFideId "24609730"]
[BlackFideId "4696921"]
[EventCountry "GER"]
[EventRounds "7"]
[EventType "team-swiss"]
[EventDate "2003.10.18"]

1. d4 Nf6 2. Nf3 d6 3. Bf4 g6 4. e3 Bg7 5. h3 O-O 6. Be2 c6 7. c3 Nbd7 8. O-O
Qc7 9. a4 a5 10. Na3 Nh5 11. Bh2 Nb6 12. Nc4 h6 13. Qb3 Nd5 14. Nfd2 f5 15.
Bxh5 gxh5 16. e4 fxe4 17. Nxe4 Be6 18. Ned2 Rf6 19. Qd1 h4 20. Qh5 Kh8 21. Qxh4
Rg8 22. Kh1 Rg6 23. Bg3 Bf6 24. Qe4 Qd7 25. Qf3 Bg5 26. Ne4 Bf4 27. Bxf4 Nxf4
28. Qxf4 Bxc4 29. Rg1 Bd5 30. Rae1 Be6 31. Kh2 Bb3 32. Ra1 Qe6 33. Rae1 Qd5 34.
Ra1 Bc2 35. f3 Qc4 36. Qd2 Bxa4 37. Nf2 b6 38. Ng4 Bb3 39. Nxh6 R8g7 40. Ng4 a4
41. Qf4 Qe6 42. Rge1 Qd7 43. Re3 Qd8 44. Rae1 b5 45. Qf5 e6 46. Qf4 Qe7 47. Kg1
Bd5 48. R3e2 Bc4 49. Rd2 Bb3 50. Ne3 Qd8 51. Ng4 Qe7 52. Kf2 Bd5 53. Qe3 Bc4
54. Kg1 Bd5 55. Rf2 Qf7 56. f4 Qf5 57. Qd2 Kg8 58. Qc2 Kf7 59. Kh2 Rg8 60. Ne3
Qe4 61. Nxd5 Qxe1 62. f5 exf5 63. Qxf5+ Kg7 64. Qf7+ Kh8 65. Rf6 Rxf6 66. Qxf6+
Rg7 67. Qf5 Qg3+ 0-1

[Event "Deutsche Ländermeisterschaft 2003"]
[Site "Kassel GER"]
[Date "2003.10.20"]
[Round "3"]
[White "Kaczmarczyk, Dennis"]
[Black "Beckmann, Emanuel"]
[Result "1-0"]
[Termination "normal"]
[Board "2.5"]
[WhiteElo "1814"]
[BlackElo "1858"]
[WhiteTeam "Baden"]
[BlackTeam "Nordrhein-Westfalen"]
[PlyCount "123"]
[WhiteFideId "24608297"]
[BlackFideId "24608025"]
[EventCountry "GER"]
[EventRounds "7"]
[EventType "team-swiss"]
[EventDate "2003.10.18"]

1. c4 Nf6 2. g3 g6 3. Bg2 Bg7 4. Nc3 O-O 5. e3 d6 6. Nge2 Nbd7 7. O-O e5 8. d4
Qe7 9. b3 c6 10. Bb2 Re8 11. d5 cxd5 12. Nxd5 Nxd5 13. cxd5 f5 14. Qc2 e4 15.
Bxg7 Kxg7 16. Nd4 Nb6 17. Rfd1 Qe5 18. Rac1 Bd7 19. Qc7 Re7 20. Qxb7 Bc8 21.
Qc6 Bb7 22. Qc2 Nxd5 23. Nc6 Bxc6 24. Qxc6 Nb6 25. Qxd6 Qxd6 26. Rxd6 Rc8 27.
Rxc8 Nxc8 28. Rd8 Rc7 29. Bf1 Kf6 30. Bc4 Nb6 31. Bb5 Ke7 32. Rd2 Rc5 33. a4
Rc3 34. b4 Rc7 35. a5 Nc8 36. Be2 Rc1+ 37. Kg2 Rb1 38. Rd4 Nd6 39. h3 Kd7 40.
b5 Kc7 41. Rd5 Ra1 42. b6+ axb6 43. axb6+ Kc6 44. Re5 Kxb6 45. Re6 Kc5 46. Re7
Ra2 47. Bf1 Kd5 48. Rxh7 Ke6 49. Rc7 Ke5 50. Bc4 Nxc4 51. Rxc4 Ra6 52. Rc5+ Kd6
53. Rb5 Ke6 54. g4 Kf6 55. Kg3 Ra2 56. Rb6+ Kg7 57. h4 fxg4 58. Rb4 Kh6 59.
Rxe4 g5 60. hxg5+ Kxg5 61. Rxg4+ Kf5 62. Rb4 1-0

[Event "Deutsche Ländermeisterschaft 2003"]
[Site "Kassel GER"]
[Date "2003.10.20"]
[Round "3"]
[White "Hobusch, Alexander"]
[Black "Mader, Manuela"]
[Result "0-1"]
[Termination "normal"]
[Board "2.6"]
[WhiteElo "1771"]
[BlackElo "1662"]
[WhiteTeam "Nordrhein-Westfalen"]
[BlackTeam "Baden"]
[PlyCount "42"]
[WhiteFideId "24611387"]
[BlackFideId "24612928"]
[EventCountry "GER"]
[EventRounds "7"]
[EventType "team-swiss"]
[EventDate "2003.10.18"]

1. d4 Nf6 2. Nf3 g6 3. c4 Bg7 4. Nc3 O-O 5. e4 d6 6. Be2 e5 7. Be3 Nc6 8. d5
Ne7 9. Nd2 Ne8 10. c5 f5 11. f3 Nf6 12. Nc4 a6 13. Qb3 dxc5 14. Bxc5 Kh8 15.
Nxe5 fxe4 16. fxe4 Nxe4 17. Nxg6+ Nxg6 18. Nxe4 Re8 19. Bf3 Bf5 20. Qd3 Bxe4
21. Bxe4 Qh4+ 0-1

[Event "Deutsche Ländermeisterschaft 2003"]
[Site "Kassel GER"]
[Date "2003.10.20"]
[Round "3"]
[White "Goergen, Barbara"]
[Black "Butschek, Tanja"]
[Result "1/2-1/2"]
[Termination "normal"]
[Board "2.7"]
[WhiteElo "1758"]
[BlackElo "1727"]
[WhiteTeam "Baden"]
[BlackTeam "Nordrhein-Westfalen"]
[PlyCount "110"]
[BlackFideId "24604640"]
[EventCountry "GER"]
[EventRounds "7"]
[EventType "team-swiss"]
[EventDate "2003.10.18"]

1. e4 c6 2. d4 d5 3. exd5 cxd5 4. Bd3 Nc6 5. c3 Nf6 6. Nf3 Bg4 7. O-O e6 8. Bf4
Bd6 9. Bxd6 Qxd6 10. Nbd2 O-O 11. Qc2 Rac8 12. a3 a6 13. h3 Bxf3 14. Nxf3 b5
15. Qe2 Na5 16. Rab1 Nc4 17. Ne5 Qc7 18. Rfc1 h6 19. b3 Nxe5 20. dxe5 Nd7 21.
c4 dxc4 22. bxc4 Qxe5 23. cxb5 axb5 24. Qxe5 Nxe5 25. Bxb5 Rxc1+ 26. Rxc1 Ra8
27. a4 Kf8 28. Re1 Ng6 29. Ra1 Ne7 30. a5 Nd5 31. Bc6 Ra7 32. Bxd5 exd5 33. a6
Ke7 34. Kf1 Kd6 35. Ke2 Kc5 36. Kd3 g5 37. g4 f6 38. f3 d4 39. Ra2 Kb6 40. Kxd4
Rd7+ 41. Ke4 Ka7 42. Ra3 Rd1 43. Rd3 Ra1 44. Rd6 Ra4+ 45. Ke3 Rf4 46. h4 f5 47.
gxf5 Rxh4 48. f6 Rf4 49. f7 Rxf7 50. Rxh6 Rf5 51. Rg6 Re5+ 52. Kf2 Rd5 53. Kg3
Rf5 54. Kg4 Rf4+ 55. Kxg5 Rxf3 1/2-1/2

[Event "Deutsche Ländermeisterschaft 2003"]
[Site "Kassel GER"]
[Date "2003.10.20"]
[Round "3"]
[White "van Orsouw, Svenja"]
[Black "Frey, Alisa"]
[Result "1-0"]
[Termination "normal"]
[Board "2.8"]
[WhiteElo "1313"]
[BlackElo "1396"]
[WhiteTeam "Nordrhein-Westfalen"]
[BlackTeam "Baden"]
[PlyCount "57"]
[WhiteFideId "24677124"]
[BlackFideId "24634662"]
[EventCountry "GER"]
[EventRounds "7"]
[EventType "team-swiss"]
[EventDate "2003.10.18"]

1. d4 d5 2. Nc3 c5 3. e4 dxe4 4. d5 Nf6 5. Bg5 e6 6. Bb5+ Bd7 7. dxe6 fxe6 8.
Bxd7+ Qxd7 9. Bxf6 gxf6 10. Nxe4 Qxd1+ 11. Rxd1 Nd7 12. Nf3 b6 13. b3 Rd8 14.
O-O Ke7 15. Rfe1 Bh6 16. Nd6 Nb8 17. Nf5+ Kf7 18. Rxd8 Rxd8 19. Nxh6+ Kg6 20.
Ng4 e5 21. g3 Nc6 22. Kg2 Nb4 23. c4 Nxa2 24. Ra1 Nc3 25. Rxa7 Nd1 26. Rb7 Rd6
27. h3 h5 28. Nh4+ Kg5 29. Rg7# 1-0

[Event "Deutsche Ländermeisterschaft 2003"]
[Site "Kassel GER"]
[Date "2003.10.20"]
[Round "3"]
[White "Armbrust, Florian"]
[Black "Beltz, Franziska"]
[Result "0-1"]
[Termination "normal"]
[Board "3.3"]
[WhiteElo "2205"]
[BlackElo "1987"]
[WhiteTeam "Rheinland-Pfalz"]
[BlackTeam "Sachsen"]
[PlyCount "74"]
[WhiteFideId "4691350"]
[BlackFideId "4681401"]
[EventCountry "GER"]
[EventRounds "7"]
[EventType "team-swiss"]
[EventDate "2003.10.18"]

1. e4 c5 2. Nc3 d6 3. f4 g6 4. d4 Qa5 5. Be3 Nf6 6. dxc5 dxc5 7. Qd2 Nc6 8. e5
Ng4 9. Bb5 Nxe3 10. Qxe3 Bd7 11. O-O-O a6 12. Bc4 Bg4 13. Nf3 Bh6 14. Ne4 O-O
15. Kb1 Nd4 16. Nxc5 Nf5 17. Qf2 Bxf4 18. Nd7 Rfd8 19. e6 Ne3 20. Nd4 Nxd1 21.
Qxf4 Bxe6 22. Nxe6 Rxd7 23. Qh6 Qe5 24. Qc1 fxe6 25. Rxd1 Rad8 26. Rf1 Rd6 27.
Bd3 Rf8 28. Re1 Qf4 29. Qd1 Kg7 30. Qe2 Rf6 31. g4 Qf2 32. Qe4 Qb6 33. g5 Rf5
34. Qh4 Qf2 35. Qh6+ Kg8 36. Rc1 Rf4 37. Bxg6 Rh4 0-1

[Event "Deutsche Ländermeisterschaft 2003"]
[Site "Kassel GER"]
[Date "2003.10.20"]
[Round "3"]
[White "Hartmann, Tom"]
[Black "Völbel, Patrick"]
[Result "1/2-1/2"]
[Termination "normal"]
[Board "3.4"]
[WhiteElo "2008"]
[BlackElo "1779"]
[WhiteTeam "Sachsen"]
[BlackTeam "Rheinland-Pfalz"]
[PlyCount "80"]
[WhiteFideId "4695399"]
[BlackFideId "24622583"]
[EventCountry "GER"]
[EventRounds "7"]
[EventType "team-swiss"]
[EventDate "2003.10.18"]

1. e4 c5 2. Nf3 e6 3. d4 cxd4 4. Nxd4 a6 5. c4 Qc7 6. Bd3 Nf6 7. Nc3 Be7 8. O-O
O-O 9. Be3 d6 10. f3 b6 11. a4 Nbd7 12. a5 bxa5 13. Nb3 Rb8 14. Rf2 Ne5 15.
Nxa5 Nfd7 16. Bf1 Nc5 17. Rc2 f5 18. exf5 Rxf5 19. f4 Ned7 20. Qe1 Nb3 21. Nxb3
Rxb3 22. Bd3 Rf7 23. Bd4 Nc5 24. Be2 Rxf4 25. Rd1 Rf8 26. Bg4 Bf6 27. Re2 Bxd4+
28. Rxd4 Bd7 29. Rdd2 Rb4 30. Kh1 Kh8 31. h3 Rxc4 32. Qg3 Rcf4 33. Kh2 Qc6 34.
Rf2 Rxf2 35. Rxf2 Rxf2 36. Qxf2 Kg8 37. Bh5 Be8 38. Bf3 Qc7 39. Qe3 d5+ 40. Kh1
Bf7 1/2-1/2

[Event "Deutsche Ländermeisterschaft 2003"]
[Site "Kassel GER"]
[Date "2003.10.20"]
[Round "3"]
[White "Hauck, Kerstin"]
[Black "Beltz, Carmen"]
[Result "1/2-1/2"]
[Termination "normal"]
[Board "3.5"]
[WhiteElo "1738"]
[BlackElo "1752"]
[WhiteTeam "Rheinland-Pfalz"]
[BlackTeam "Sachsen"]
[PlyCount "114"]
[BlackFideId "24608726"]
[EventCountry "GER"]
[EventRounds "7"]
[EventType "team-swiss"]
[EventDate "2003.10.18"]

1. e4 c5 2. Nf3 d6 3. Bb5+ Bd7 4. Bxd7+ Qxd7 5. O-O Nc6 6. b3 Nf6 7. Re1 g6 8.
Bb2 Bg7 9. d3 O-O 10. Nbd2 b5 11. Nf1 a5 12. a4 Rfb8 13. Qd2 Nxe4 14. Rxe4 Bxb2
15. Rae1 Bg7 16. h4 bxa4 17. Rxa4 Rb4 18. Re4 Rxa4 19. Rxa4 Rb8 20. h5 Rb4 21.
Rxb4 axb4 22. hxg6 fxg6 23. Ng3 Nd4 24. Nxd4 Bxd4 25. Qg5 Qe6 26. Kf1 Qf6 27.
Ne4 Qxg5 28. Nxg5 h6 29. Nf3 Bc3 30. Ke2 Kf7 31. Ke3 Kf6 32. Nh2 h5 33. f3 g5
34. Nf1 d5 35. Ng3 h4 36. Ne2 Be5 37. f4 gxf4+ 38. Nxf4 e6 39. Kf3 Kf5 40. Nh3
Bg3 41. Ng1 e5 42. Ne2 Be1 43. Ng1 Bd2 44. Ne2 e4+ 45. Kf2 Kg4 46. Kf1 e3 47.
Ng1 Kg3 48. Ne2+ Kh2 49. Ng1 Kg3 50. Ne2+ Kg4 51. Kg1 Be1 52. Kf1 Bf2 53. Nc1
Kf4 54. Ne2+ Ke5 55. Nc1 c4 56. Ne2 cxd3 57. cxd3 d4 1/2-1/2

[Event "Deutsche Ländermeisterschaft 2003"]
[Site "Kassel GER"]
[Date "2003.10.20"]
[Round "3"]
[White "Hänse, Felix"]
[Black "Wortmann, Jonas"]
[Result "0-1"]
[Termination "normal"]
[Board "3.6"]
[WhiteElo "1735"]
[BlackElo "1734"]
[WhiteTeam "Sachsen"]
[BlackTeam "Rheinland-Pfalz"]
[PlyCount "82"]
[BlackFideId "24628069"]
[EventCountry "GER"]
[EventRounds "7"]
[EventType "team-swiss"]
[EventDate "2003.10.18"]

1. Nf3 c5 2. g3 Nf6 3. Bg2 d5 4. d3 Nc6 5. O-O e6 6. Nbd2 Be7 7. b3 O-O 8. Bb2
Qc7 9. c4 d4 10. Ne4 Nxe4 11. dxe4 e5 12. Ne1 f5 13. Nd3 Be6 14. Ba3 Nb8 15.
Bc1 Nd7 16. f4 fxe4 17. Bxe4 Nf6 18. Bg2 e4 19. Nf2 e3 20. Nd3 Bd6 21. f5 Bd7
22. b4 Bc6 23. Bxc6 Qxc6 24. bxc5 Bxc5 25. Qb3 b6 26. Ba3 Rab8 27. Nxc5 bxc5
28. Qd3 Rf7 29. Rf4 h6 30. Raf1 Re8 31. h4 Ne4 32. Qc2 Nxg3 33. R1f3 Nh5 34.
Rg4 Nf6 35. Rg6 Qc7 36. Qa4 Rb8 37. Kg2 Rb1 38. Rfg3 Qf4 39. Rxg7+ Rxg7 40.
Rxg7+ Kxg7 41. Qxa7+ Kh8 0-1